| 000 | 01059cam a22003017a 4500 | ||
|---|---|---|---|
| 003 | CHAP | ||
| 005 | 20220329142340.0 | ||
| 008 | 000904d1999 mx r 00110 eng d | ||
| 010 | _a82146 | ||
| 011 | _a83118 | ||
| 035 | _a93627 | ||
| 040 | _cCHAP | ||
| 082 | 0 | 4 |
_a327.7207 _bR42 1999 |
| 245 | 1 | 0 |
_aRecursos : _ba directory of U.S. organizations and institutions dedicated to advancing mutual understanding with Mexico _c/comp. and ed. by Cynthia Hawes Lavanderos |
| 250 | _a2 ed. | ||
| 260 |
_aMéxico, D. F. : _bBiblioteca Benjamin Franklin, _c1999. |
||
| 300 | _a167 p. | ||
| 590 |
_aBATCH-UPD _b10 _c20130110 _lUCH01 _h0450 |
||
| 590 |
_aBATCH-UPD _b10 _c20130410 _lUCH01 _h0126 |
||
| 590 |
_aBATCH-UPD _b10 _c20130914 _lUCH01 _h1603 |
||
| 590 |
_aCONVERSION _b10 _c20130109 _lUCH01 _h1346 |
||
| 650 | 1 | 4 |
_aMéxico _xRelaciones exteriores _xE.U.A. _976792 |
| 700 | 0 |
_aHawes Lavanderos, Cynthia _ecomp. _eed. _953130 |
|
| 901 | _aBK | ||
| 905 | _aLilia Sánchez G. | ||
| 942 | _cLIBRO | ||
| 949 |
_a327.7207 R42 1999 _bBC _cC _d33724000788345 _eC _h98572 _i93627 _sb |
||
| 999 |
_c82146 _d82146 |
||